000 ncm a22 a 4500
999 _c349927
_d349927
003 BLK
005 20201007040656.0
008 200326b bu ||||| |||| 00| 0 bu d
040 _aBLK
041 _aRUS
_cRUS
080 _aКамерна вок. муз. Песни, балади, арии, романси
_b784.3
_z784.3
100 _aРимский-Корсаков, Николай Андреевич
_eпърви автор
_91299
139 _aРимский-Корсаков, Николай Андреевич
_bР 62
245 _aИзбранные арии из опер
_bДля сопрано в сопровождении фортепиано
_cН. Римский - Корсаков
260 _9402764
_aМосква
_bМузыка
_c1974
300 _a64 с.
_bс ноти
_c30 см
380 _a7
852 _aМ ІІ 6658
942 _cNOT
_n0
_s1
944 _aCR
_c2020-03-26
_l2020-03-26
999 _d349927
999 _d349926
999 _d349923
999 _d349919
999 _d349916
999 _d349592
999 _d349592
999 _d349589
999 _d349587
999 _d349586
999 _d349585
999 _d349583
999 _d349582